000 00743nam a2200253Ia 4500
003 OSt
005 20220928131058.0
006 a|||||r|||| 00| 0
007 ta
008 220927b |||||||| |||| 00| 0 eng d
024 _a40847
037 _cTextual
040 _aSDCL
_cSDCL
_beng
041 _2eng
_aeng
082 _aX64.1'N9, N7
100 _aKidwell David S
_9477027
245 0 _aFinancial institutions markets and money.
260 _aFort
_bWorth Dryden Press
_c1997
300 _axxiii,766p
_ccm.
700 _a Blackwell David W
_9477028
700 _a Peterson Richard L
_9477029
942 _hX64.1'N9, N7
_cTEXL
_2CC
999 _c789486
_d789486